<?xml version="1.0" encoding="UTF-8"?>
<record
    xmlns:xsi="http://www.w3.org/2001/XMLSchema-instance"
    xsi:schemaLocation="http://www.loc.gov/MARC21/slim http://www.loc.gov/standards/marcxml/schema/MARC21slim.xsd"
    xmlns="http://www.loc.gov/MARC21/slim">

  <leader>02339nam a2200205 a 4500</leader>
  <controlfield tag="008">171103e2007    ag ||||g |||| 00| |bspa d</controlfield>
  <datafield tag="020" ind1=" " ind2=" ">
    <subfield code="a">9789875141292</subfield>
  </datafield>
  <datafield tag="041" ind1=" " ind2=" ">
    <subfield code="a">spa</subfield>
  </datafield>
  <datafield tag="092" ind1=" " ind2=" ">
    <subfield code="c">920</subfield>
    <subfield code="l">17</subfield>
    <subfield code="s">DOS</subfield>
  </datafield>
  <datafield tag="100" ind1="1" ind2=" ">
    <subfield code="a">Dosne Pasquialini, Christiane</subfield>
    <subfield code="9">4010</subfield>
  </datafield>
  <datafield tag="245" ind1=" " ind2=" ">
    <subfield code="a">Quise lo que hice.</subfield>
    <subfield code="b">Autobiograf&#xED;a de una investigadora cient&#xED;fica /</subfield>
    <subfield code="c">Christiane Dosne Pasquialini</subfield>
  </datafield>
  <datafield tag="250" ind1=" " ind2=" ">
    <subfield code="a">1a ed.</subfield>
  </datafield>
  <datafield tag="260" ind1=" " ind2=" ">
    <subfield code="a">Buenos Aires:</subfield>
    <subfield code="b">Leviat&#xE1;n;</subfield>
    <subfield code="c">2007.</subfield>
  </datafield>
  <datafield tag="300" ind1=" " ind2=" ">
    <subfield code="a">414 p.</subfield>
    <subfield code="c">23x15 cm.</subfield>
  </datafield>
  <datafield tag="500" ind1=" " ind2=" ">
    <subfield code="a">Dosne Pasquialini, C. (2007). Quise lo que hice. Autobiograf&#xED;a de una investigadora cient&#xED;fica. (1a ed.). Buenos Aires : Leviatan.</subfield>
  </datafield>
  <datafield tag="505" ind1=" " ind2=" ">
    <subfield code="a">Quise lo que hice, una autobiograf&#xED;a de una investigadora cient&#xED;fica es un libro en el que confluyen las varias vidas de una &#xFA;nica persona: la doctora Christiane Dosne Pasquialini, desde 1991 primer mujer con sitial en la Academia Nacional de Medicina. De origen franc&#xE9;s, nacionalidad canadierse y argentina por adopci&#xF3;n, Christiane Dosne se inici&#xF3; precozmente en la investigaci&#xF3;n en biomedicina junto a Hans Selye, en McGill University, Montreal, obteniendo un Ph.D. (Doctorado en Medicina Experimental) en 1942. En ese a&#xF1;o llega a Buenos Aires con una Beca de la Federaci&#xF3;n Canadiense de Mujeres Universitarias para trabajar con Bernardo Houssay. Tambi&#xE9;n trabaj&#xF3; en Santiago de Chile con Alejandro Lipsch&#xFC;tz y con C.N.H Long en Yale University, USA. A trav&#xE9;s de las p&#xE1;ginas de esta autobiograf&#xED;a cient&#xED;fica, varios retratos notables se perfilan, sobre todo el de su extraordinario compa&#xF1;ero de toda la vida el doctor Rodolfo Q. Pasquialini. De gran actuaci&#xF3;n m&#xE9;dica, fund&#xF3; el Instituto Nacional de Endocrinolog&#xED;a, fue profesor titular de la Universidad de Buenos Aires en Cl&#xED;nica Medica y autor de importantes libros de texto universitario. La Dra. Christine Dosne Pasquialini supo llevar adelante la vida dom&#xE9;stica y acad&#xE9;mica, en una &#xE9;poca en que las mujeres despuntaban apenas en su profesi&#xF3;n. Asimismo acompa&#xF1;&#xF3; la profesionalizaci&#xF3;n de la ciencia, que gracias a la creaci&#xF3;n del Consejo Nacional de Investigaciones Cient&#xED;ficas y T&#xE9;cnicas (CONICET) por el Dr. Houssay en 1958, permiti&#xF3; que la mujer pudiera acceder a los m&#xE1;s altos niveles de investigaci&#xF3;n. </subfield>
  </datafield>
  <datafield tag="590" ind1=" " ind2=" ">
    <subfield code="a">DONACION Prof. Susana S&#xE1;nchez, febrero 2019</subfield>
  </datafield>
  <datafield tag="655" ind1=" " ind2=" ">
    <subfield code="a">Biografia</subfield>
    <subfield code="9">3142</subfield>
  </datafield>
  <datafield tag="942" ind1=" " ind2=" ">
    <subfield code="2">ddc</subfield>
    <subfield code="c">LIT</subfield>
  </datafield>
  <datafield tag="999" ind1=" " ind2=" ">
    <subfield code="c">2849</subfield>
    <subfield code="d">2849</subfield>
  </datafield>
  <datafield tag="952" ind1=" " ind2=" ">
    <subfield code="0">0</subfield>
    <subfield code="1">0</subfield>
    <subfield code="2">ddc</subfield>
    <subfield code="4">0</subfield>
    <subfield code="7">0</subfield>
    <subfield code="a">BFM</subfield>
    <subfield code="b">BFM</subfield>
    <subfield code="c">CR</subfield>
    <subfield code="d">2019-02-11</subfield>
    <subfield code="e">Donaci&#xF3;n Prof. Susana S&#xE1;nchez, Febrero 2019</subfield>
    <subfield code="l">0</subfield>
    <subfield code="o">920 17 DOS</subfield>
    <subfield code="p">4373</subfield>
    <subfield code="r">2019-02-11</subfield>
    <subfield code="t">Ej. 1</subfield>
    <subfield code="w">2019-02-11</subfield>
    <subfield code="y">LIT</subfield>
    <subfield code="z">Proyecto 4to libro. Donaci&#xF3;n Prof. Susana S&#xE1;nchez, Febrero 2019</subfield>
  </datafield>
</record>
